Normal view
MARC view
Entry Topical Term
001 - CONTROL NUMBER
- control field: 124281
003 - CONTROL NUMBER IDENTIFIER
- control field: BI-BuBU
005 - DATE AND TIME OF LATEST TRANSACTION
- control field: 20160114141546.0
008 - FIXED-LENGTH DATA ELEMENTS
- fixed length control field: 160114|||a|||||| | ||| d
040 ## - CATALOGING SOURCE
- Original cataloging agency: BI-BuBU
- Transcribing agency: BI-BuBU
150 ## - HEADING--TOPICAL TERM
- Topical term or geographic name as entry element: Recherche-action
- General subdivision: Instrumentation
670 ## - SOURCE DATA FOUND
- Source citation: Work cat.: (BI-BuBU): aut. Goyette, Gabriel 124278, La recherche-action, 1987
670 ## - SOURCE DATA FOUND
- Source citation: Work cat.: (BI-BuBU): aut. Goyette, Gabriel 124278, La recherche-action, 1987